Word Ladder: NFL Quiz Stats

Quiz not verified by Sporcle

Challenge
Share
Tweet
Embed
Score 0/40 Timer 04:00
0 Plays Today
Word Ladder 4-Letter Word % Correct
Word Ladder #1 - 4 lettersMATH
90.8%
Word Ladder #1 - 4 lettersMATT
90%
Word Ladder #1 - 4 lettersBATH
86.7%
Word Ladder #4 - 3 lettersNET
83.3%
Word Ladder #1 - 4 lettersROME
82.3%
Word Ladder #3 - 4 lettersMINE
81.8%
Word Ladder #2 - 4 lettersNETS
81.4%
Word Ladder #1 - 4 lettersBITE
80.5%
Word Ladder #3 - 4 lettersDINE
79.3%
Word Ladder #2 - 4 lettersNEST
78.9%
Word Ladder #2 - 4 lettersPORK
78.4%
Word Ladder #2 - 4 lettersYORK
77.6%
Word Ladder #3 - 4 lettersMIKE
77.4%
Word Ladder #3 - 4 lettersDICE
77.3%
Word Ladder #2 - 4 lettersJETS
77.1%
Word Ladder #4 - 3 lettersBEE
76.1%
Word Ladder #2 - 4 lettersPORT
75.9%
Word Ladder #4 - 3 lettersBET
75.4%
Word Ladder #1 - 4 lettersRYAN
75.2%
Word Ladder #3 - 4 lettersVICK
75.2%
Word Ladder 4-Letter Word % Correct
Word Ladder #4 - 3 lettersAFC
74.2%
Word Ladder #2 - 4 lettersNEWS
72.7%
Word Ladder #4 - 3 lettersNFC
72.4%
Word Ladder #1 - 4 lettersBATE
71.8%
Word Ladder #2 - 4 lettersNEWT
71.2%
Word Ladder #3 - 4 lettersVICE
70.5%
Word Ladder #1 - 4 lettersRITE
69%
Word Ladder #2 - 4 lettersPEST
68.6%
Word Ladder #4 - 3 lettersACC
67.1%
Word Ladder #1 - 4 lettersDOME
66.7%
Word Ladder #2 - 4 lettersPOST
66.5%
Word Ladder #1 - 4 lettersROTE
64.8%
Word Ladder #1 - 4 lettersROOM
62.4%
Word Ladder #4 - 3 lettersACE
62%
Word Ladder #1 - 4 lettersROAM
61.7%
Word Ladder #4 - 3 lettersNEC
60.5%
Word Ladder #4 - 3 lettersBCE
60.5%
Word Ladder #1 - 4 lettersDOOM
58.8%
Word Ladder #1 - 4 lettersROAN
54.1%
Word Ladder #1 - 4 lettersDOMM
53.8%

You're not logged in!

Compare scores with friends on all Sporcle quizzes.
Join for Free
OR
Log In

You Might Also Like...

Show Comments

Extras

Top Quizzes Today


Score Distribution

Your Account Isn't Verified!

In order to create a playlist on Sporcle, you need to verify the email address you used during registration. Go to your Sporcle Settings to finish the process.

Report this User

Report this user for behavior that violates our Community Guidelines.

Details: